| 000 | 006520000a22001930004500 | ||
|---|---|---|---|
| 090 |
_aAR _b02848 |
||
| 245 | 1 | 0 | _aConflict between wildlife and local people living adjacent to protected areas in Tanzania: human density as a predictor |
| 650 | 1 | 4 |
_aAreas protegidas _978 |
| 650 | 1 | 4 |
_aFauna silvestre _992225 |
| 650 | 1 | 4 |
_aDensidad poblacional _97576 |
| 651 | 4 |
_pTanzania _992749 |
|
| 041 | 0 | _aInglés | |
| 700 | 1 |
_aManyanza, David N. _996291 |
|
| 700 | 1 |
_aGamassa, Deo-Gratias M. _996292 |
|
| 700 | 1 |
_aSakiro, Hashan I. _996293 |
|
| 100 | 1 |
_aNewmark, William D. _996294 |
|
| 942 | _cARTICULO | ||
| 773 | 1 |
_tConservation Biology _324 _h1 _q249-255 _d1994 _g8 |
|
| 999 |
_c11908 _d11908 |
||